Microprocessor-based electronic games : design, programming, and troubleshooting

Bibliographic Details
Main Author: Buchsbaum, Walter H.
Other Authors: Mauro, Robert
Format: Book
Language:English
Published: New York : McGraw-Hill , c1983
Subjects:

MARC

LEADER 00000cam a2200000 7i4500
001 0000004102
005 20230726.0
008 991208 nyu eng
020 |a 0070087229 (pbk) 
040 |a INS 
090 0 0 |a TK7882.G35   |b .B83 1983 
100 1 |a Buchsbaum, Walter H. 
245 1 0 |a Microprocessor-based electronic games :   |b design, programming, and troubleshooting   |c Walter H. Buchsbaum, Robert Mauro. 
246 3 0 |a Micro-processor-based electronic games   |b design, programming, and troubleshooting 
260 |a New York :   |b McGraw-Hill ,   |c c1983 
300 |a x, 293 p. :   |b ill. ;   |c 23 cm. 
500 |a Includes index 
650 0 |a Electronic games 
700 1 |a Mauro, Robert 
999 |a 0000002011   |b BOOK   |c Open Shelf   |e Default branch